1453 1794 1076 1058 1509 1268 1570 1747 1289 1849 1573 1459 1026 1700 1785 1796 1208 1668 1072 1730 1093 1857 1469 1066 1910 1168 1876 1724 1260 1188 1297 1283 1574 1791 1677 1228 1518 1434 1688 1745 1416 1080 1540 1194 1228 1846 1366 1031 1078 1587 1343 1526 1902 1848 1460 1187 1505 1167 1072 1846 1744 1827 1820 1050 1681 1654 1454 1885 1139 1944 1324 1476 1398 1875 1004 1771 1412 1858 1455 1129 1546 1159 1963 1354 1776 1702 1428 1930 1821 1296 1525 1573 1665 1167 1338 1256 1079 1884 1460 BCNSPRNW ULIB Ver.6.0+V

เปลี่ยนเป็นภาษาไทย

Change to English
 แสดงรายละเอียดบรรณานุกรม
  กลับหน้าหลัก

Brief Record : Get Marc (ISO 2709) : E-mail record : QR code < ปิดหน้าต่าง
LEADER : 00000nam 2200000uu 4500
001    13399123216
003     ULIB
008    020711s2551 th a 000 0 tha d
020    9789744263384
090    นว.^bภ682ข ล.2
100    ภูระริน จุปะมะตัง
245    ขอให้ฉันอยู่กับเธอตลอดไป เล่ม2/^cภูระริน จุปะมะตัง
250    พิมพ์ครั้งที่ 1
260    กรุงเทพฯ :^bเลมอน กรีน,^c2551
300    297 หน้า;^b21 ซม.
500    มี 2 เล่ม
710    เลมอน กรีน
945    ^p189^l0^i20352
999    ^aทศพร เกษรทอง
รายการนี้ยังไม่มีแท็ก
คุณยังไม่ได้ล็อกอิน คุณสามารถมีกิจกรรมร่วมกับเว็บไซต์ได้ แต่ต้องล็อกอินก่อน ::
  ล็อกอิน

รายการสื่อสารสนเทศ

ลำดับที่ ประเภท เลขเรียก/บาร์โค้ด สถานที่ สถานะ
1. นวนิยาย
นวนิยาย
นว. ภ682ข ล.2 ฉ.1 
  Barcode: 20352
ห้องสมุดวิทยาเขตนครสวรรค์
►นวนิยาย:l:Fiction
บนชั้น

รายการใกล้เคียง
    ผู้แต่ง [ภูระริน จุปะมะตัง]

BibComment


ยังไม่เคยถูกคอมเมนท์

คอมเมนท์ทรัพยากรรายการนี้
  คอมเมนท์: ขอให้ฉันอยู่กับเธ..


 Copyright 2026. Bcnsprnw @Library